00354nam a2200133Ia 4500003000400000005001700004008004100021040001600062082001600078100002400094245004600118260004800164300000800212GCL20240530100419.0140319s9999 xx 000 0 eng d aGCL / cGCL04a781.65bS S1 aSTEARNS, MARSHALL W10aThe Story of Jazz / cSTEARNS, MARSHALL W a[S.N] : bOXFORD UNIVERSITY PRESS ، c1970 a379